Actual impact of reduction in union excise duties on the prices of consumer goods (Record no. 482099)

000 -LEADER
fixed length control field 00554cam a22001577a 4500
008 - FIXED-LENGTH DATA ELEMENTS--GENERAL INFORMATION
fixed length control field 180718b1997 xxu||||| |||| 00| 0 eng d
082 ## - DEWEY DECIMAL CLASSIFICATION NUMBER
Classification number APPPA 96-97 NAY
100 ## - MAIN ENTRY--PERSONAL NAME
Personal name Nayar, Suman
245 ## - TITLE STATEMENT
Title Actual impact of reduction in union excise duties on the prices of consumer goods
Statement of responsibility, etc. by Suman Nayar
260 ## - PUBLICATION, DISTRIBUTION, ETC.
Place of publication, distribution, etc. New Delhi
Name of publisher, distributor, etc. Indian Institute of Public Administration
Date of publication, distribution, etc. 1997
300 ## - PHYSICAL DESCRIPTION
Extent 168p.
500 ## - GENERAL NOTE
General note An APPPA M.Phil. dissertation, 1996-97
650 ## - SUBJECT ADDED ENTRY--TOPICAL TERM
Topical term or geographic name entry element APPPA
650 ## - SUBJECT ADDED ENTRY--TOPICAL TERM
Topical term or geographic name entry element Consumer goods - India
650 ## - SUBJECT ADDED ENTRY--TOPICAL TERM
Topical term or geographic name entry element Excise tax - Law and legislation - India
Holdings
Withdrawn status Lost status Damaged status Not for loan Permanent Location Current Location Date acquired Full call number Barcode Date last seen Price effective from Koha item type
        Indian Institute of Public Administration Indian Institute of Public Administration 2018-08-04 APPPA 96-97 NAY GR14348 2018-08-04 2018-08-04 GR

Powered by Koha